Scottish stone liaison group (Record no. 120760)
[ view plain ]
| 000 -LEADER | |
|---|---|
| fixed length control field | 00772cai a22001815a 4500 |
| 001 - CONTROL NUMBER | |
| control field | E146540 |
| 008 - FIXED-LENGTH DATA ELEMENTS--GENERAL INFORMATION | |
| fixed length control field | 090202u xxk g 000 0 eng d |
| 035 ## - SYSTEM CONTROL NUMBER | |
| System control number | (Sirsi) u146540 |
| 041 0# - LANGUAGE CODE | |
| Language code of text/sound track or separate title | eng |
| 110 2# - MAIN ENTRY--CORPORATE NAME | |
| Corporate name or jurisdiction name as entry element | Scottish Stone Liaison Group |
| 9 (RLIN) | 5021 |
| 245 00 - TITLE STATEMENT | |
| Title | Scottish stone liaison group |
| Medium | [electronic resource] |
| 520 ## - SUMMARY, ETC. | |
| Summary, etc. | Website of the Scottish Stone Liaison Group, an organisation made up of those interested in the promotion and availability of indigenous Scottish stone in building projects, as well as the technical skills required to use such materials. |
| 590 ## - LOCAL NOTE (RLIN) | |
| Local note | KA |
| 651 #4 - SUBJECT ADDED ENTRY--GEOGRAPHIC NAME | |
| Geographic name | Scotland |
| Chronological subdivision | 1999- |
| 690 ## - LOCAL SUBJECT ADDED ENTRY--TOPICAL TERM (OCLC, RLIN) | |
| Topical term or geographic name as entry element | BUILT ENVIRONMENT-BUILDING MATERIALS-STONE |
| 856 40 - ELECTRONIC LOCATION AND ACCESS | |
| Uniform Resource Identifier | <a href="https://www.sslg.co.uk">https://www.sslg.co.uk</a> |
| Public note | View the website free of charge at www.sslg.co.uk... |
| 942 ## - ADDED ENTRY ELEMENTS (KOHA) | |
| Suppress in OPAC | 0 |
| Withdrawn status | Lost status | Source of classification or shelving scheme | Damaged status | Not for loan | Home library | Current library | Shelving location | Date acquired | Total Checkouts | Full call number | Barcode | Date last seen | Copy number | Price effective from | Koha item type |
|---|---|---|---|---|---|---|---|---|---|---|---|---|---|---|---|
| Dewey Decimal Classification | Virtual | Virtual | Online | 02/02/2009 | WEBSITE | 146540-2001 | 06/08/2019 | 1 | 06/08/2019 | Online material |